Music Quiz

Random Music or Bands Quiz

Begins and Ends: Bands Quiz Stats

 Plays Quiz Updated Oct 19, 2017

Score 0/20 Timer 04:00
0 Plays Today
Begins and Ends Band % Correct
B _ N   J _ _ IBon Jovi
95.2%
R _ D   H _ T   C _ _ _ I   P _ _ _ _ _ SRed Hot Chili Peppers
94.8%
K _ _ SKiss
93.4%
G _ _ _ N   D _ YGreen Day
92.9%
T _ E   W _ OThe Who
92.5%
L _ D   Z _ _ _ _ _ _ NLed Zeppelin
92%
S _ X    P _ _ _ _ _ SSex Pistols
91.4%
B _ E   G _ _ SBee Gees
89.8%
P _ _ _ C!   A T   T _ E   D _ _ _ OPanic! at the Disco
85.7%
T _ E   B _ _ _ K   E _ _ D   P _ _ SThe Black Eyed Peas
80.7%
Begins and Ends Band % Correct
T _ E   B _ _ _ H   B _ _ SThe Beach Boys
80.2%
C _ _ _ MCream
76%
D _ _ T   P _ _ KDaft Punk
74.3%
O _ _ _ SOasis
73%
T _ E   R _ _ _ _ _ G   S _ _ _ _ SThe Rolling Stones
68.1%
J _ _ _ _ _ YJourney
57.6%
T _ E   W _ _ _ E   S _ _ _ _ _ SThe White Stripes
57.3%
T _ _ _ _ _ G   H _ _ _ STalking Heads
54.8%
B _ _ _ _ _ _ _ D   L _ _ _ _ SBarenaked Ladies
49.3%
R _ _ _ _ _ _ _ DRadiohead
37%

You're not logged in!

Compare scores with friends on all Sporcle quizzes.
OR
Log In

Sporcle TV

Today on Sporcle TV


Watch our educational content, quiz creation guides, and fun videos on Sporcle TV.

Show Comments

Extras

Top Quizzes Today


Score Distribution

Your Account Isn't Verified!

In order to create a playlist on Sporcle, you need to verify the email address you used during registration. Go to your Sporcle Settings to finish the process.

Report this User

Report this user for behavior that violates our Community Guidelines.

Details: